000 00506ntaaa2200193 4500
003 01
005 20251027202526.0
008 0714s1973 ag 01
040 _aAR-BaBN
_bspa
_cAR-BaBN
_eaacr
_dRIC
082 _a269.8000 G11
100 _aGaete, M. Manuel, y otros
_924220
245 _aConservando los resultados del evangelismo
250 _a1 ed.
260 _aSantiago :
_bInstituto de Pastores Bautistas,
_c1965
300 _as
500 _aSeminario
650 _aEvangelismo
_9336
942 _cBK
999 _c20277
_d20277